Statistics for twenty one pilots + Tyler Joseph Songs

Click here to take the quiz!

General Stats

  • This quiz has been taken 391 times
    (387 since last reset)
  • The average score is 50 of 70

Answer Stats

AlbumSong% Correct
Stressed Out
93%
Ride
90%
Goner
89%
BlurryfaceHeavydirtysoul
89%
Ode To Sleep
88%
VesselOde To Sleep
88%
Trees
88%
Trees
88%
Car Radio
86%
Car Radio
86%
Regional At BestGuns For Hands
85%
Guns For Hands
85%
Holding On To You
84%
Holding On To You
84%
Lane Boy
82%
Ruby
82%
Tear In My Heart
82%
Drown
81%
Fairly Local
81%
Truce
81%
Migraine
80%
Polarize
80%
We Don't Believe What's On TV
80%
Doubt
79%
Hometown
79%
House Of Gold
79%
Message Man
79%
The Judge
79%
Kitchen Sink
78%
Fake You Out
77%
Forest
77%
Isle Of Flightless Birds
77%
Lovely
77%
Johnny Boy
76%
Addict With A Pen
75%
Not Today
75%
Anathema
74%
Screen
74%
Semi-Automatic
74%
Taxi Cab
73%
Fall Away
72%
Glowing Eyes
72%
The Pantaloon
72%
The Run and Go
71%
A Car, a Torch, a Death
70%
Twenty I One I PilotsImplicit Demand For Proof
70%
Oh Ms. Believer
70%
Slowtown
69%
No Phun IntendedBlasphemy
68%
March To The Sea
68%
Trapdoor
68%
Be Concerned
67%
Clear
67%
Friend, Please
66%
TB Saga
66%
Air Catcher
65%
Before You Start Your Day
65%
Save
58%
Hole In The Ground
52%
Taken By Sleep
49%
Tonight
45%
Whisper
42%
Hear Me Now
41%
Just Like Yesterday
41%
Prove Me Wrong
40%
Falling Too
37%
Realize That It's Gone
37%
I Want To Know
36%
Never Change
36%
Where Did We Go
36%

Score Distribution

Percentile by Number Answered

Percent of People with Each Score

Your Score History

You have not taken this quiz since the last reset